| 000 | 00918nam a2200325 a 4500 | ||
|---|---|---|---|
| 003 | AR-BaBNM | ||
| 005 | 20251128204540.0 | ||
| 008 | 082120s2002 ||||||||||||||000 | spa|| | ||
| 040 | _cAR-BaBNM | ||
| 245 | 0 | 0 | _aDesenvolvimento e educaçâo na America Latina |
| 250 | _a1ª ed. | ||
| 260 |
_aSâo Paulo _bCortez _c1983 |
||
| 300 |
_a120 p. _btablas |
||
| 490 | 0 |
_aPolêmicas do nosso tempo _vv. 6 |
|
| 500 | _aContiene referencias bibliográficas | ||
| 650 | 4 | _aHISTORIA DE LA EDUCACION | |
| 650 | 4 | _aEDUCACION Y DESARROLLO | |
| 650 | 4 | _aPOLITICA EDUCATIVA | |
| 650 | 4 | _aPARTICIPACION SOCIAL | |
| 651 | 4 | _aAmérica Latina | |
| 653 | _aPLANEAMIENTO EDUCATIVO | ||
| 653 | _aSISTEMA EDUCATIVO | ||
| 700 | 1 | _aSaviani, Dermeval | |
| 700 | 1 | _aRama, Germán | |
| 700 | 1 | _aFernández Lamarra, Norberto | |
| 700 | 1 | _aAguerrondo, Inés | |
| 700 | 1 | _aWeinberg, Gregorio | |
| 942 | _cBK | ||
| 998 | _cRaquel | ||
| 999 |
_c7878 _d7878 |
||